Word Ladder: Right in Front Quiz Stats

 Plays Quiz Updated Apr 15, 2012

Support Sporcle.
Go Orange.
Score 0/34 Timer 04:00
1 Play Today
Hint Word % Correct
Scotch, masking or duct ____TAPE
98.7%
☺ ____ IS MONEY ☺☺ TIME ☺
90.8%
Gin & tonic wedgeLIME
89%
Clock soundTOCK
88.8%
Solitary, like the RangerLONE
85.2%
Sail supportMAST
85.1%
Pitchfork pointTINE
81.8%
Coccyx or clavicle, e.g.BONE
81.5%
Actor's concernLINE
81%
☺ COSTUME ACCESSORY ☺☺ MASK ☺
80.9%
'Gorillas in the ____'MIST
80.6%
Render docileTAME
80.3%
SeizedTOOK
79.6%
Self-defense sprayMACE
78.6%
Small nailTACK
78.4%
RosterLIST
78.2%
Loll in the sunBASK
78.2%
Hint Word % Correct
Explosive soundBANG
77.9%
☺ ENTER TEXT ☺☺ TYPE ☺
77.4%
Hit on the headBONK
76.9%
VitalityLIFE
76.7%
Golden fabricLAMÉ
76.3%
☺ RESERVE A HOTEL ROOM ☺☺ BOOK ☺
76%
Piggy, blood, or river ____BANK
75.8%
Ring soundTONE
75.7%
☺ LACKING PIGMENT ☺☺ PALE ☺
75.4%
Bound volumeTOME
75.2%
American truck brandMACK
72.9%
Capital of MaldivesMALÉ
72.2%
'That 70's Show' propBONG
69.4%
☺ STRETCHED ☺☺ LONG ☺
69.4%
☺ AIRFOIL FORCE ☺☺ LIFT ☺
67.2%
TempoPACE
65.9%
☺ COMMON BOND ☺☺ FACE ☺
38.4%

Today's Daily Dose

Missing Word
'80s Musicals

Word Ladder
Hereditary

Get the Picture
Food Names

From the Vault

Movie by Actor Role

by Larryholmes79

Movies 8m
'So you're telling me there's a chance. YEAH!'
Remove Ads.
Support Sporcle.
Get the best of Sporcle when you Go Orange. This ad-free experience offers more features, more stats, and more fun while also helping to support Sporcle. Thank you for becoming a member.

Show Comments

Extras

Top Quizzes Today


Score Distribution

Your Account Isn't Verified!

In order to create a playlist on Sporcle, you need to verify the email address you used during registration. Go to your Sporcle Settings to finish the process.

Report this User

Report this user for behavior that violates our Community Guidelines.

Details: